Návrh opatrení na zlepšenie riadenia projektov a projektovej dokumentácie v podniku FREMACH TRNAVA, s.r.o.

Gespeichert in:
Bibliographische Detailangaben
1. Verfasser: Páleník, Jakub (Verfasst von)
Weitere Verfasser: Samáková, Jana (Betreuung Doktorarbeit)
Format: Manuskript Buch
Sprache:Slowakisch
Veröffentlicht: 2025
Schlagworte:
Online-Zugang:http://is.stuba.sk/zp/portal_zp.pl?podrobnosti=176870
Tags: Tag hinzufügen
Keine Tags, Fügen Sie das erste Tag hinzu!

MARC

LEADER 00000ntm a22000003a 4500
001 stuzp104291
003 SK-STU
005 20250628211412.8
007 ta
008 150427s2015----xo-----f-mn---000-0-slo-d
040 |a STU  |b slo 
041 0 |a slo 
100 1 |a Páleník, Jakub  |u 064000  |4 aut  |U MTF Materiálovotechnologická fakulta  |T MTF Ústav priemyselného inžinierstva a manažmentu  |X 121930  |U M4000  |Y 84  |7 121930 
242 0 1 |a Proposal of measures to improve project management and project documentation in the company FREMACH TRNAVA, s.r.o.  |y eng 
245 1 0 |a Návrh opatrení na zlepšenie riadenia projektov a projektovej dokumentácie v podniku FREMACH TRNAVA, s.r.o. 
260 |c 2025 
650 4 |a projekt  |2 slo 
650 4 |a dokumentácia  |2 slo 
650 4 |a projektový manažment  |2 slo 
650 4 |a zlepšenie riadenia projektov  |2 slo 
650 4 |a project  |2 eng 
650 4 |a project management  |2 eng 
650 4 |a improvement of project management  |2 eng 
650 4 |a documentation  |2 eng 
700 1 |a Samáková, Jana  |u 064000  |k Z1  |4 ths  |U MTF Materiálovotechnologická fakulta  |T MTF Ústav priemyselného inžinierstva a manažmentu  |X 33101  |U M4000  |Y 84  |7 A000033101 
856 4 |u http://is.stuba.sk/zp/portal_zp.pl?podrobnosti=176870 
996 |c M* BP-9999  |l MMSKP  |s P  |a 0  |w stuzp104291_0001